000 00992nam a22002537a 4500
999 _c162143
_d162143
005 20190816121411.0
010 _a1819CHEN B-728224-244
020 _a9781607749769
_c499.00
035 _aB-728224-244
035 _aB-728607
037 _bBlueberry
082 _a509.252
100 _aIgnotofsky, Rachel
245 _aWomen in science:
_cby Rachel Ignotofsky
_b50 fearless pioneers who changed the world /
246 _a50 fearless pioneers who changed the world
260 _aBerkeley
_bTen Speed Press
_c2016
270 _bNew York
_aDivision of Penguin Random House
300 _a127p.:
_c23cm(Hb)
_bcol. ill.
500 _aAirport
650 _aWomen scientists
_vBiography
_vJuvenile literature.
942 _2ddc
_cCH
_mIGN
_h509.252